Administrative law

Đã lưu trong:
書目詳細資料
主要作者: Wade, William
格式: 圖書
語言:Undetermined
出版: Oxford Clarendon 1996
主題:
標簽: 添加標簽
沒有標簽, 成為第一個標記此記錄!
Thư viện lưu trữ: Trung tâm Học liệu Trường Đại học Cần Thơ
LEADER 00549nam a2200205Ia 4500
001 CTU_27148
008 210402s9999 xx 000 0 und d
020 |c 94.43 
082 |a 342.4106 
082 |b W119 
100 |a Wade, William 
245 0 |a Administrative law 
245 0 |c William Wade, Christopher Forsyth 
260 |a Oxford 
260 |b Clarendon 
260 |c 1996 
650 |a Administrative law,Public law 
650 |z Great Britain 
904 |i Minh, Giang sửa 
980 |a Trung tâm Học liệu Trường Đại học Cần Thơ